000 00582cab a2200205 4500
001 WB2512-68
008 090401t1989 xxu||||| |||| 00| 0 eng d
035 _a(Sirsi) u33224
041 _aeng
245 _aTeesside
260 _c1989
350 _a0
490 _aFinancial Times
_v21/3/89 p37-42(6) LOAN
520 _aSupplement covering developments in Teesside since Action for Cities was launched there a year ago.
650 _aTEESIDE DEVELOPMENT CORPORATION
650 _aURBAN RENEWAL
690 _aPROPERTY LAW AND PRACTICE
942 _n0
948 _c04/03/1997
999 _c22209
_d22209